000 00585nam a2200229Ia 4500
003 0100
008 130307s9999 xx 000 0 und d
020 _a0824517296
040 _cARRUPELIB
050 _aBF1175.R54 1998
100 _aRicho, David
245 _aUnexpected miracles
245 _bthe gift of synchronicity and how to open it
260 _aNew York
260 _bThe Crossroad Publishing Company
260 _c1998
300 _a189p.
300 _b24cm.
650 _aPSYCHOLOGY
650 _bBible OT Psalms - Criticism, interpretation, etc
942 0 0 _01
999 _c96092
_d96092